[Event "SC Reti Heusweiler-SC Einheit Bautzen"]
[Site "?"]
[Date "2007.12.28"]
[Round "4.1"]
[White "Rührmund, Daniel"]
[Black "Grewenig, Jan"]
[Result "0-1"]
[WhiteElo "1584"]
[BlackElo "1607"]
[PlyCount "72"]
[EventDate "2007.??.??"]

1. e4 c5 2. Nf3 Nc6 3. d4 cxd4 4. Nxd4 g6 5. Be3 Bg7 6. Nc3 Nf6 7. f3 O-O 8.
Qd2 d6 9. O-O-O Bd7 10. g4 a6 11. h4 h5 12. gxh5 Nxh5 13. Rg1 b5 14. Nxc6 Bxc6
15. Bh6 Rc8 16. Bxg7 Kxg7 17. Qg5 Rh8 18. Bh3 e6 19. Qg4 Qf6 20. Rxd6 Nf4 21.
Bf1 Rxh4 22. Qg3 Nh5 23. Qg2 b4 24. Nd1 Ba4 25. Ne3 Qf4 26. Qd2 Rh2 27. Bg2 Ng3
28. Nf5+ gxf5 29. Qxf4 Ne2+ 30. Kd1 Nxf4 31. Bf1+ Kf6 32. b3 Bb5 33. Bxb5 axb5
34. exf5 Kxf5 35. Rg7 Kf6 36. Rg4 Nd5 0-1

[Event "SC Reti Heusweiler-SC Einheit Bautzen"]
[Site "?"]
[Date "2007.12.28"]
[Round "4.2"]
[White "Holle, Eric"]
[Black "Hase, Albert"]
[Result "1-0"]
[WhiteElo "1340"]
[BlackElo "1479"]
[PlyCount "107"]
[EventDate "2007.??.??"]

1. e4 d6 2. Nf3 g6 3. Bc4 Bg7 4. Nc3 c6 5. d3 Nf6 6. Bg5 O-O 7. Qd2 e6 8. O-O-O
Qc7 9. Qf4 Nh5 10. Qd2 Nd7 11. h4 Nb6 12. Bb3 d5 13. d4 Bf6 14. Bxf6 Nxf6 15.
e5 Nh5 16. g4 Ng7 17. Qh6 f6 18. h5 Qf7 19. exf6 Qxf6 20. Ng5 Re8 21. Nxh7 Qf3
22. hxg6 Bd7 23. Nf6+ Kf8 24. Qh8+ Ke7 25. Qxg7+ Kd6 26. Nxe8+ Rxe8 27. Qe5+
Ke7 28. Rh7+ Kd8 29. Qb8+ Nc8 30. Qxb7 Qf4+ 31. Kb1 Re7 32. Rdh1 Qxg4 33. Qb8
Qxg6 34. Qh2 Qg4 35. Rxe7 Kxe7 36. Qh4+ Qxh4 37. Rxh4 Nd6 38. Kc1 Nf5 39. Rh8
Nxd4 40. Ra8 e5 41. Rxa7 e4 42. Kd2 Nf3+ 43. Ke3 Kd6 44. Ne2 Nh2 45. Nf4 Bg4
46. a4 Ke5 47. Ng6+ Kf6 48. Ne7 Ke5 49. Nxc6+ Kd6 50. Kf4 Be2 51. Nd4 Bh5 52.
Rh7 Ng4 53. Rxh5 Nxf2 54. Rxd5+ 1-0

[Event "SC Reti Heusweiler-SC Einheit Bautzen"]
[Site "?"]
[Date "2007.12.28"]
[Round "4.4"]
[White "Schirra, Felix"]
[Black "Röpke, Markus"]
[Result "1/2-1/2"]
[WhiteElo "1216"]
[BlackElo "1138"]
[PlyCount "98"]
[EventDate "2007.??.??"]

1. c4 e5 2. Nc3 Nf6 3. g3 c6 4. Bg2 Be7 5. d3 d6 6. Nf3 O-O 7. O-O Re8 8. Be3
Be6 9. Qc2 Qc8 10. Rfb1 d5 11. Nxe5 dxc4 12. Nxc4 Nbd7 13. Nd2 Ne5 14. Nf3
Nxf3+ 15. Bxf3 Bg4 16. b4 Qf5 17. Be4 Nxe4 18. Nxe4 b6 19. a3 Qe6 20. Re1 Bf5
21. Rac1 Bxe4 22. dxe4 Rac8 23. f3 Red8 24. Red1 Rxd1+ 25. Rxd1 h6 26. Rc1 c5
27. Kg2 f5 28. bxc5 Bxc5 29. Bxc5 Rxc5 30. Qb1 Rxc1 31. Qxc1 fxe4 32. Qf4 exf3+
33. Qxf3 Qf7 34. Qa8+ Kh7 35. Qe4+ Qg6 36. Qxg6+ Kxg6 37. Kf3 a5 38. Ke4 b5 39.
Kd4 b4 40. axb4 axb4 41. Kc4 Kf5 42. Kxb4 Ke4 43. Kc5 Ke3 44. Kd6 Kxe2 45. Ke7
Kf3 46. Kf7 g5 47. Kg6 Kg2 48. Kxh6 Kxh2 49. Kxg5 Kxg3 1/2-1/2

[Event "SK Gründau-SK Ettlingen"]
[Site "?"]
[Date "2007.12.28"]
[Round "4.3"]
[White "Schwingen, Dominik"]
[Black "Zahn, Fabian"]
[Result "0-1"]
[WhiteElo "1240"]
[BlackElo "957"]
[PlyCount "103"]
[EventDate "2007.??.??"]

1. e4 e5 2. Nf3 d6 3. Bc4 Be7 4. c3 Nf6 5. d3 O-O 6. Nbd2 Nbd7 7. d4 Re8 8.
dxe5 dxe5 9. Ng5 Rf8 10. O-O h6 11. Ngf3 Re8 12. Re1 Nc5 13. Nxe5 Be6 14. Bxe6
Nxe6 15. Qc2 Bd6 16. Nef3 Bc5 17. b4 Bf8 18. Nf1 Qc8 19. Ng3 c5 20. Qb3 Rb8 21.
Be3 a6 22. Rab1 b6 23. a3 Qc7 24. Qc2 cxb4 25. axb4 b5 26. Ra1 Ra8 27. Rec1
Rec8 28. Nd4 Nxd4 29. Bxd4 Bxb4 30. Qd2 Be7 31. Nf5 h5 32. Nxe7+ Qxe7 33. Qf4
Qxe4 34. Qxe4 Nxe4 35. f3 Nd2 36. Rc2 Nb3 37. Rd1 a5 38. Rb2 Nxd4 39. cxd4 b4
40. Ra1 g6 41. Rba2 b3 42. Rb2 a4 43. Kf2 Rcb8 44. Ke3 a3 45. Rbb1 a2 46. Rb2
Ra7 47. Ke4 Kg7 48. Ke5 Rc7 49. d5 Rc2 50. Rxc2 bxc2 51. d6 Kf8 52. Kd5 0-1

[Event "SF Brackel Dortmund-Weisse Dame Hamburg"]
[Site "?"]
[Date "2007.12.28"]
[Round "4.1"]
[White "Pfeiffer, Daniel"]
[Black "Schwiddessen, Jan"]
[Result "1-0"]
[WhiteElo "1670"]
[BlackElo "1335"]
[PlyCount "48"]
[EventDate "2007.??.??"]

1. e4 e5 2. Nf3 Nc6 3. Nc3 Nf6 4. Bb5 d6 5. d4 exd4 6. Qxd4 Bd7 7. Bxc6 Bxc6 8.
Bf4 Be7 9. O-O-O O-O 10. h4 Nh5 11. Be3 Bf6 12. e5 Bxf3 13. gxf3 Bxe5 14. Qg4
Nf6 15. Qg2 Kh8 16. Bg5 h6 17. Nd5 Rg8 18. f4 c6 19. Ne3 Bxb2+ 20. Kxb2 Qb6+
21. Ka1 d5 22. Bxf6 gxf6 23. Qf3 d4 24. Nf5 d3 1-0

[Event "SF Brackel Dortmund-Weisse Dame Hamburg"]
[Site "?"]
[Date "2007.12.28"]
[Round "4.2"]
[White "Reisberg, Andre"]
[Black "Lampert, Jonas"]
[Result "1-0"]
[WhiteElo "1195"]
[BlackElo "1629"]
[PlyCount "155"]
[EventDate "2007.??.??"]

1. d4 f5 2. c4 Nf6 3. Nc3 g6 4. Nf3 Bg7 5. Bf4 d6 6. e3 O-O 7. Qb3 Kh8 8. Rd1
Nbd7 9. Ng5 Nb8 10. c5 d5 11. Nb5 Na6 12. Be2 c6 13. Nc3 Nc7 14. O-O h6 15. Nf3
Qe8 16. Bxc7 g5 17. Be5 Kh7 18. Bd3 Kg6 19. Qc2 h5 20. a3 Rh8 21. Ne2 h4 22.
Bxf6 Kxf6 23. h3 Qh5 24. Ne5 g4 25. Nf4 Qh6 26. hxg4 fxg4 27. Be2 h3 28. Qg6+
Qxg6 29. Nfxg6 Rh6 30. Nf4 h2+ 31. Kh1 Rh4 32. g3 Rh7 33. Bxg4 Bxg4 34. Nxg4+
Kf5 35. Nxh2 Rah8 36. g4+ Kf6 37. Nh5+ Kg5 38. Kg2 e5 39. Kg3 e4 40. f4+ exf3
41. Nxf3+ Kg6 42. Nh4+ Kg5 43. Rf5+ Kh6 44. g5+ Kxh5 45. g6+ Kh6 46. gxh7 Kxh7
47. Rh5+ Bh6 48. Rf1 Rg8+ 49. Kh3 b5 50. Rf7+ Rg7 51. Rxh6+ Kxh6 52. Nf5+ Kg6
53. Rxg7+ Kxf5 54. Rxa7 Ke4 55. Rc7 Kxe3 56. Rxc6 Kxd4 57. Rc8 Kc4 58. Kg2 d4
59. Kf1 Kb3 60. Rd8 Kxb2 61. Rxd4 Kxa3 62. c6 b4 63. Rxb4 Kxb4 64. c7 Kc5 65.
c8=Q+ Kd5 66. Qc7 Kd4 67. Qc6 Ke5 68. Qd7 Ke4 69. Qd6 Kf5 70. Qe7 Kf4 71. Qe6
Kf3 72. Qe5 Kg4 73. Qf6 Kg3 74. Qf5 Kh4 75. Qg6 Kh3 76. Kf2 Kh4 77. Kf3 Kh3 78.
Qh6# 1-0

[Event "SF Brackel Dortmund-Weisse Dame Hamburg"]
[Site "?"]
[Date "2007.12.28"]
[Round "4.4"]
[White "Birnkraut, Tim"]
[Black "Petru, Dennis"]
[Result "0-1"]
[WhiteElo "1007"]
[BlackElo "1073"]
[PlyCount "58"]
[EventDate "2007.??.??"]

1. e4 e5 2. Nf3 Nc6 3. Bc4 Bc5 4. c3 Nf6 5. d4 exd4 6. e5 d5 7. exf6 dxc4 8.
fxg7 Rg8 9. O-O Be6 10. Re1 Qf6 11. b4 Qxg7 12. g3 Bb6 13. b5 Ne7 14. cxd4
O-O-O 15. Ba3 Nd5 16. Re4 Nf6 17. Re5 Ng4 18. Re4 Bf5 19. Rf4 Nh6 20. Bc5 Bxc5
21. Qa4 Bxd4 22. Nxd4 Rxd4 23. b6 a6 24. bxc7 Rxf4 25. Nc3 Qxc3 26. Rd1 Rd4 27.
Rf1 Be4 28. a3 Qf3 29. Qd1 Qg2# 0-1

[Event "BSG Chemie Leipzig-USV Potsdam"]
[Site "?"]
[Date "2007.12.28"]
[Round "4.1"]
[White "Friedrich, Wiede"]
[Black "Müller, Marius"]
[Result "1/2-1/2"]
[WhiteElo "1963"]
[BlackElo "1485"]
[PlyCount "97"]
[EventDate "2007.??.??"]

1. Nf3 d5 2. c4 e6 3. g3 f5 4. Bg2 c6 5. O-O Nf6 6. d4 Bd6 7. Bg5 Nbd7 8. Nc3
O-O 9. Qc2 h6 10. Bd2 Ne4 11. Qb3 Kh8 12. Rad1 Qe8 13. Nb1 a5 14. c5 Bc7 15.
Qa4 Nxd2 16. Nbxd2 Nf6 17. Rb1 Ne4 18. Nb3 Bd7 19. Nc1 e5 20. e3 Rf7 21. Nd3
exd4 22. Qxd4 Re7 23. a3 Kh7 24. b4 a4 25. Rb2 Re6 26. b5 Ba5 27. Rc2 Bd8 28.
Nfe5 Bf6 29. f4 Ra7 30. Rb1 Qc8 31. Rb4 Qa8 32. Bf3 g5 33. Bd1 gxf4 34. exf4
Re7 35. b6 Ra5 36. Rc1 Qg8 37. Qe3 Be8 38. Rc2 Rg7 39. Rg2 Nc3 40. Bc2 Ne4 41.
Rxa4 Rxa4 42. Bxa4 Bh5 43. Bb3 Qa8 44. a4 Qa5 45. Qc1 Bxe5 46. fxe5 Bf3 47. Rc2
Ng5 48. Qe3 Be4 49. Re2 1/2-1/2

[Event "BSG Chemie Leipzig-USV Potsdam"]
[Site "?"]
[Date "2007.12.28"]
[Round "4.3"]
[White "Cech, Tim"]
[Black "Richter, Leonard"]
[Result "0-1"]
[WhiteElo "1218"]
[BlackElo "1349"]
[PlyCount "112"]
[EventDate "2007.??.??"]

1. c4 e6 2. d4 d5 3. cxd5 exd5 4. Nf3 c6 5. Nc3 f5 6. e3 Nf6 7. g3 Ne4 8. Bg2
Nd7 9. O-O Ndf6 10. h3 Bd6 11. Re1 O-O 12. Qb3 Qc7 13. Ne2 Kh8 14. Nf4 Rg8 15.
h4 h6 16. Ng6+ Kh7 17. Nfe5 Nd7 18. f4 Nxg3 19. Kh2 Ne4 20. Bxe4 fxe4 21. Bd2
Nf8 22. Rg1 Bxe5 23. Nxe5 g6 24. Rg3 Bf5 25. Rag1 Ne6 26. Qc2 Qe7 27. a3 Qxh4+
28. Kg2 Qh5 29. Bb4 g5 30. Rh1 Qe8 31. fxg5 Rxg5 32. Rxg5 Nxg5 33. Qf2 Bh3+ 34.
Rxh3 Nxh3 35. Qf5+ Kg7 36. Kxh3 Rc8 37. Qg4+ Kh8 38. Qh4 Qe6+ 39. Qg4 Qxg4+ 40.
Nxg4 Kg7 41. Kh4 Rh8 42. Bd6 Kg6 43. b4 h5 44. Ne5+ Kf5 45. a4 Rf8 46. a5 b6
47. axb6 axb6 48. Nd7 Rd8 49. Nxb6 Rxd6 50. Kxh5 Rd8 51. Kh4 Rb8 52. Nd7 Rxb4
53. Ne5 c5 54. Nc6 Rc4 55. Ne7+ Ke6 56. Ng8 cxd4 0-1

[Event "SC Vaterstetten-Wilhelmshavener SF"]
[Site "?"]
[Date "2007.12.28"]
[Round "4.2"]
[White "Nitsche-Hahn, Raphael"]
[Black "Neumann, Florian"]
[Result "1-0"]
[WhiteElo "1528"]
[BlackElo "1242"]
[PlyCount "75"]
[EventDate "2007.??.??"]

1. d4 d5 2. c4 e6 3. Nf3 c6 4. Nc3 f5 5. Bf4 Nf6 6. e3 Bb4 7. a3 Be7 8. Be2
Nbd7 9. Ne5 O-O 10. b4 a5 11. c5 Nxe5 12. Bxe5 b6 13. Na4 Nd7 14. f4 axb4 15.
axb4 bxc5 16. bxc5 Qa5+ 17. Kf2 Nxe5 18. fxe5 f4 19. exf4 Rxf4+ 20. Bf3 Qb4 21.
Nb6 Rb8 22. Ra4 Qb2+ 23. Qe2 Qxe2+ 24. Kxe2 Bd8 25. g3 Rf7 26. Nxc8 Rxc8 27.
Bg4 Re7 28. Rb1 Kf7 29. Ra6 g6 30. Rf1+ Kg7 31. Rf6 Rcc7 32. Rxe6 Rxe6 33. Bxe6
Kf8 34. Ra8 Ke7 35. Bc8 Ke8 36. e6 Bf6 37. Bd7+ Ke7 38. Re8# 1-0

[Event "SF Baiertal-Schatthausen-SV Unterkochen"]
[Site "?"]
[Date "2007.12.28"]
[Round "4.2"]
[White "Müller, Maiko"]
[Black "Basaran, Mehmet"]
[Result "1-0"]
[WhiteElo "1208"]
[BlackElo "865"]
[PlyCount "117"]
[EventDate "2007.??.??"]

1. e4 e5 2. Nf3 Nc6 3. Bc4 Bc5 4. c3 Nf6 5. Qc2 O-O 6. O-O d5 7. exd5 Nxd5 8.
Rd1 Re8 9. b4 Bb6 10. Bxd5 Qxd5 11. c4 Qd8 12. c5 Nxb4 13. Qb3 Ba5 14. Nxe5 b6
15. cxb6 axb6 16. Qb2 Nd3 17. Nxd3 Qxd3 18. h3 Qg6 19. Qb3 Bxh3 20. Qxh3 Qd6
21. Nc3 Re7 22. Bb2 c6 23. Qg4 g6 24. Qh4 Rae8 25. Qh6 f5 26. Qh4 b5 27. a4
bxa4 28. Ba3 c5 29. Nxa4 Bb6 30. Qc4+ Kf8 31. Nxb6 Qxb6 32. Bxc5 Qc7 33. Bxe7+
Rxe7 34. Ra8+ Kg7 35. Qxc7 Rxc7 36. d4 Kf6 37. f4 h6 38. d5 Rd7 39. Ra6+ Kg7
40. d6 Kf7 41. Kh2 Ke6 42. Kh3 g5 43. fxg5 hxg5 44. g4 f4 45. Ra5 Rxd6 46.
Rxd6+ Kxd6 47. Rxg5 Ke6 48. Ra5 f3 49. Kg3 f2 50. Kxf2 Kf6 51. g5+ Kg6 52. Kg3
Kg7 53. Kg4 Kg6 54. Ra6+ Kg7 55. Kf5 Kf7 56. g6+ Kg7 57. Ra7+ Kg8 58. Kf6 Kf8
59. Ra8# 1-0

[Event "TuS Makkabi Berlin-SC Forchheim"]
[Site "?"]
[Date "2007.12.28"]
[Round "4.1"]
[White "Mons, Leon"]
[Black "Galkin, Wladislaw"]
[Result "1-0"]
[WhiteElo "1990"]
[BlackElo "1737"]
[PlyCount "29"]
[EventDate "2007.??.??"]

1. e4 e5 2. Nf3 Nc6 3. Bb5 Nf6 4. O-O Nxe4 5. d4 Nd6 6. Bxc6 dxc6 7. dxe5 Nf5
8. Qxd8+ Kxd8 9. Nc3 h6 10. Rd1+ Bd7 11. g4 Ne7 12. e6 fxe6 13. Ne5 Ke8 14.
Nxd7 b6 15. Ne5 1-0

[Event "TuS Makkabi Berlin-SC Forchheim"]
[Site "?"]
[Date "2007.12.28"]
[Round "4.3"]
[White "Stephan, Michael"]
[Black "Wagner, Christian"]
[Result "1/2-1/2"]
[WhiteElo "1726"]
[BlackElo "1451"]
[PlyCount "54"]
[EventDate "2007.??.??"]

1. e4 e5 2. Nf3 Nc6 3. Bb5 Nf6 4. O-O Bc5 5. d3 d6 6. h3 O-O 7. Re1 h6 8. c3
Be6 9. d4 exd4 10. cxd4 Bb4 11. Bd2 Bxd2 12. Qxd2 Ne7 13. Nc3 c6 14. Ba4 Ng6
15. a3 Qb6 16. Bc2 Rfe8 17. Bd3 Qb3 18. Rac1 Bc4 19. Bxc4 Qxc4 20. g3 Qe6 21.
Kg2 Qd7 22. Rcd1 Re7 23. e5 Nh7 24. Ne4 dxe5 25. dxe5 Qxd2 26. Rxd2 Nxe5 27.
Nxe5 Rxe5 1/2-1/2

[Event "SF Köln-Mülheim-SV Empor Erfurt"]
[Site "?"]
[Date "2007.12.28"]
[Round "4.1"]
[White "Urban, Lars"]
[Black "Pauly, Carlo"]
[Result "1-0"]
[WhiteElo "1657"]
[BlackElo "1649"]
[PlyCount "69"]
[EventDate "2007.??.??"]

1. c4 Nf6 2. Nc3 g6 3. d4 Bg7 4. e4 d6 5. f3 O-O 6. Be3 e5 7. d5 a5 8. Qd2 Na6
9. Nge2 Bd7 10. Bh6 Qe8 11. Nc1 Nb4 12. Rb1 Nc2+ 13. Kf2 Bxh6 14. Qxh6 Nh5 15.
a3 f5 16. Bd3 fxe4 17. Bxc2 exf3 18. gxf3 Bg4 19. Ke1 Bxf3 20. Rg1 Qf7 21. Kd2
e4 22. Nxe4 Bxe4 23. Bxe4 Qf2+ 24. Ne2 Nf4 25. Bd3 Rae8 26. Kc2 Rxe2+ 27. Bxe2
Qxe2+ 28. Kb3 Qd3+ 29. Ka2 Qxc4+ 30. Ka1 Qxd5 31. Rbd1 Qf7 32. h4 Kh8 33. Rgf1
Qg7 34. Qxf4 Rb8 35. Qf6 1-0

[Event "SF Köln-Mülheim-SV Empor Erfurt"]
[Site "?"]
[Date "2007.12.28"]
[Round "4.3"]
[White "Lorenz, Erik"]
[Black "Eigemann, Julian"]
[Result "0-1"]
[WhiteElo "1314"]
[BlackElo "1508"]
[PlyCount "38"]
[EventDate "2007.??.??"]

1. e4 d5 2. exd5 Qxd5 3. Nc3 Qa5 4. d4 c6 5. Bc4 Nf6 6. Nge2 Bf5 7. Bd2 Qc7 8.
Ng3 Bg6 9. O-O e6 10. Re1 Nbd7 11. a3 Bd6 12. Rc1 h5 13. Qf3 O-O-O 14. b4 h4
15. Nf1 Bh5 16. Qd3 Ng4 17. h3 Bh2+ 18. Nxh2 Qxh2+ 19. Kf1 Nge5 0-1

[Event "SC Reti Heusweiler-SC Einheit Bautzen"]
[Site "?"]
[Date "2007.12.28"]
[Round "4.3"]
[White "Vu Tuan, Minh"]
[Black "Holle, Cedric"]
[Result "1-0"]
[WhiteElo "1184"]
[BlackElo "1261"]
[PlyCount "65"]
[EventDate "2007.??.??"]

1. e4 e5 2. Nf3 Nc6 3. Bc4 Nf6 4. d4 exd4 5. e5 Ng4 6. O-O Bc5 7. a3 O-O 8. b4
Bb6 9. c3 Ncxe5 10. Nxd4 d5 11. Be2 h6 12. f4 Qh4 13. h3 Qg3 14. hxg4 Bxg4 15.
fxe5 Bxd4+ 16. cxd4 Qh4 17. Bxg4 f5 18. Bxf5 Kh8 19. Qg4 g5 20. Qxh4 gxh4 21.
Bxh6 Rg8 22. Nc3 h3 23. Rf2 Rg3 24. Nxd5 Rag8 25. Nf6 Rxg2+ 26. Rxg2 Rxg2+ 27.
Kh1 Rf2 28. Rg1 Rg2 29. Rxg2 hxg2+ 30. Kxg2 c5 31. e6 cxd4 32. e7 d3 33. e8=Q#
1-0

[Event "SK Gründau-SK Ettlingen"]
[Site "?"]
[Date "2007.12.28"]
[Round "4.1"]
[White "Volz, Alexander"]
[Black "Kuhn, Jan"]
[Result "1-0"]
[WhiteElo "1480"]
[BlackElo "1606"]
[PlyCount "71"]
[EventDate "2007.??.??"]

1. e4 e6 2. d4 d5 3. Nc3 Nf6 4. Bg5 Be7 5. e5 Nfd7 6. Bxe7 Qxe7 7. f4 a6 8. Nf3
c5 9. dxc5 Qxc5 10. Qd2 Nc6 11. O-O-O O-O 12. Ne2 Nb6 13. Ned4 Bd7 14. g4 Rac8
15. f5 Nxd4 16. Nxd4 Rfe8 17. f6 Qf8 18. Bd3 Nc4 19. Qe1 Kh8 20. Nf3 Rc6 21.
Bxh7 gxf6 22. Qh4 Qg7 23. Bd3+ Kg8 24. exf6 Qh8 25. Qg5+ Kf8 26. Rhg1 e5 27.
Bxc4 Rxc4 28. Nxe5 Rc7 29. Nxd7+ Rxd7 30. Rg3 Rc8 31. Rh3 Qg8 32. Qh6+ Ke8 33.
Qh8 Kf8 34. Re1 Re8 35. Qh6+ Qg7 36. Qxg7# 1-0

[Event "SK Gründau-SK Ettlingen"]
[Site "?"]
[Date "2007.12.28"]
[Round "4.2"]
[White "Tautz, Jonas"]
[Black "Weber, Clemens"]
[Result "1-0"]
[WhiteElo "1323"]
[BlackElo "1326"]
[PlyCount "99"]
[EventDate "2007.??.??"]

1. e4 e5 2. Nf3 Nc6 3. Bb5 a6 4. Ba4 Nf6 5. O-O b5 6. Bb3 Be7 7. Re1 O-O 8. c3
d5 9. exd5 Nxd5 10. Nxe5 Nxe5 11. Rxe5 c6 12. d4 Bd6 13. Re1 Qh4 14. g3 Qh3 15.
Re4 Nf6 16. Rh4 Qd7 17. Bg5 Be7 18. Bc2 g6 19. Qd2 Re8 20. Rf4 Qe6 21. Na3 Bb7
22. Bb3 Qd6 23. Re1 Rad8 24. Rf3 c5 25. d5 c4 26. Bc2 Bxd5 27. Rfe3 Qd7 28.
Bxf6 Qh3 29. f3 Bxf3 30. Qf2 Qg4 31. Qxf3 Qxf3 32. Rxf3 Bxf6 33. Rxe8+ Rxe8 34.
Rxf6 Re2 35. Rxa6 Re1+ 36. Kf2 Re5 37. Rb6 f5 38. Rxb5 Rxb5 39. Nxb5 Kf7 40.
Na3 Ke6 41. Nxc4 Kd5 42. Bb3 Ke4 43. a4 g5 44. a5 Kd5 45. Ne3+ Kc5 46. Nxf5 Kb5
47. Kf3 Kxa5 48. Kg4 Kb5 49. Kxg5 Kc6 50. Kh6 1-0

[Event "SK Gründau-SK Ettlingen"]
[Site "?"]
[Date "2007.12.28"]
[Round "4.4"]
[White "Steppat, Sebastian"]
[Black "Kupferschmid, Gernot"]
[Result "1/2-1/2"]
[WhiteElo "1002"]
[BlackElo "1204"]
[PlyCount "99"]
[EventDate "2007.??.??"]

1. e4 e5 2. Nf3 Nc6 3. Bb5 a6 4. Ba4 Nf6 5. O-O b5 6. Bb3 Be7 7. Re1 d5 8. exd5
Nxd5 9. Nxe5 Nxe5 10. Rxe5 c6 11. d4 O-O 12. Nc3 Be6 13. Nxd5 Bxd5 14. Bxd5
cxd5 15. Qf3 Bd6 16. Rxd5 Re8 17. Bf4 Qe7 18. h3 Bxf4 19. Qxf4 Rac8 20. c3 Qe2
21. Qc1 b4 22. Rc5 Rxc5 23. dxc5 bxc3 24. Qxc3 Rc8 25. b4 h6 26. a4 Qe8 27. Qc4
Qe5 28. Rb1 Qf5 29. Rd1 a5 30. b5 Rxc5 31. Rd8+ Kh7 32. Qd3 Rc1+ 33. Kh2 Qxd3
34. Rxd3 Rc4 35. Ra3 Rb4 36. Kg3 Kg6 37. Kf3 Kf6 38. Ke3 Ke6 39. Kd3 Kd6 40. g3
g6 41. f3 h5 42. Ke3 f5 43. Kd3 f4 44. g4 hxg4 45. hxg4 Kc5 46. Kc3 Kb6 47. Kd3
Kc5 48. Rc3+ Kd5 49. Ra3 Rb2 50. Ra1 1/2-1/2

[Event "SF Brackel Dortmund-Weisse Dame Hamburg"]
[Site "?"]
[Date "2007.12.28"]
[Round "4.3"]
[White "Schaeffer, Philipp"]
[Black "Tiemann, Uwe"]
[Result "1-0"]
[WhiteElo "1234"]
[BlackElo "1031"]
[PlyCount "105"]
[EventDate "2007.??.??"]

1. e4 e5 2. Nf3 Nc6 3. Nc3 Nf6 4. Bb5 d6 5. d4 Bd7 6. Bg5 Be7 7. d5 Nb4 8. Qd2
O-O 9. O-O-O c6 10. dxc6 bxc6 11. Bxf6 Bxf6 12. Qxd6 cxb5 13. Qxd7 Qxd7 14.
Rxd7 a6 15. Rhd1 Rfd8 16. Nxe5 Rf8 17. Ng4 Bg5+ 18. Kb1 Nc6 19. Rc7 Rac8 20.
Rdd7 Rxc7 21. Rxc7 Ne7 22. Ra7 Rd8 23. b3 h5 24. Ne5 Bf6 25. Kb2 Ng6 26. Nxg6
fxg6 27. b4 Rc8 28. Rxa6 Bxc3+ 29. Kb3 Bf6 30. Rb6 Re8 31. Rxb5 Rxe4 32. Rb8+
Kf7 33. c4 Be5 34. Rd8 Ke7 35. Rd2 h4 36. h3 g5 37. a4 Bd4 38. c5 Kd7 39. Kc4
Kc8 40. Rxd4 Re7 41. Rd2 Ra7 42. a5 Kc7 43. Re2 Kd7 44. Re5 Ra8 45. Rxg5 Rg8
46. a6 Kc7 47. Kb5 Rb8+ 48. Ka5 Rg8 49. b5 Kb8 50. b6 g6 51. a7+ Ka8 52. Ka6
Rd8 53. b7# 1-0

[Event "LSV Turm Lippstadt-SG Porz 47"]
[Site "?"]
[Date "2007.12.28"]
[Round "4.1"]
[White "Krause, Johann"]
[Black "Tran, Duc Cuong"]
[Result "0-1"]
[WhiteElo "1333"]
[BlackElo "1709"]
[PlyCount "124"]
[EventDate "2007.??.??"]

1. e4 c5 2. Nf3 Nc6 3. Nc3 d6 4. Bb5 a6 5. Bxc6+ bxc6 6. d3 e5 7. Ne2 g6 8. Ng3
Bg7 9. c3 Qb6 10. Qc2 Rb8 11. O-O Ne7 12. Ne1 O-O 13. Kh1 h6 14. f4 f5 15. b3
Kh7 16. Qd2 Be6 17. fxe5 dxe5 18. Bb2 c4 19. Ba3 Qc7 20. exf5 gxf5 21. bxc4
Rbd8 22. Nh5 Bh8 23. Bc1 Ng8 24. Nf3 f4 25. h3 Qd7 26. d4 Bxh3 27. Qd3+ Bf5 28.
Qd2 Bg6 29. Nxf4 exf4 30. Nh4 Qg4 31. Nxg6 Kxg6 32. Rxf4 Rxf4 33. Qxf4 Qxf4 34.
Bxf4 Nf6 35. Re1 Re8 36. Rxe8 Nxe8 37. Kg1 Nf6 38. Be5 Bg7 39. Bxf6 Bxf6 40.
Kf2 Kf5 41. Kf3 Bg5 42. c5 h5 43. a4 h4 44. c4 Bd2 45. g3 hxg3 46. Kxg3 Ke4 47.
d5 cxd5 48. cxd5 Kxd5 49. c6 Kxc6 50. Kf3 Kc5 51. Ke2 Bc3 52. Kd3 Bh8 53. Kc2
Kb4 54. Kb1 Kxa4 55. Ka2 Kb4 56. Kb1 Kb3 57. Kc1 a5 58. Kb1 a4 59. Kc1 a3 60.
Kb1 a2+ 61. Kc1 a1=Q+ 62. Kd2 Qc3+ 0-1

[Event "LSV Turm Lippstadt-SG Porz 47"]
[Site "?"]
[Date "2007.12.28"]
[Round "4.3"]
[White "Sabirov, Ramil"]
[Black "Scheer, Maximilian"]
[Result "1/2-1/2"]
[WhiteElo "1147"]
[BlackElo "1223"]
[PlyCount "69"]
[EventDate "2007.??.??"]

1. e4 c5 2. Nf3 Nc6 3. Bb5 d6 4. Bxc6+ bxc6 5. d4 cxd4 6. Nxd4 Qb6 7. Nc3 Nf6
8. O-O g6 9. Nb3 Bg7 10. Be3 Qc7 11. Qd2 O-O 12. Rad1 Be6 13. f4 Bxb3 14. axb3
Ng4 15. f5 Ne5 16. Bh6 Rfd8 17. Bxg7 Kxg7 18. Rf4 g5 19. Rf2 f6 20. Qe2 Rg8 21.
h4 g4 22. Qe3 Qb6 23. Qe2 Kf7 24. Na4 Qc7 25. Qe3 Kg7 26. Nc3 Qb6 27. Qd4 Rab8
28. Ne2 Kh8 29. Nf4 g3 30. Rff1 Ng4 31. Qxb6 axb6 32. Rd3 Nf2 33. Re3 Rg4 34.
Ne2 Rxh4 35. Nxg3 1/2-1/2

[Event "BSG Chemie Leipzig-USV Potsdam"]
[Site "?"]
[Date "2007.12.28"]
[Round "4.2"]
[White "Oha, Maximilian"]
[Black "Eichstaedt, Mirko"]
[Result "1/2-1/2"]
[WhiteElo "1398"]
[BlackElo "1284"]
[PlyCount "77"]
[EventDate "2007.??.??"]

1. e4 e5 2. Nf3 Nf6 3. Nc3 Nc6 4. Bc4 Nxe4 5. Nxe4 d5 6. Bxd5 Qxd5 7. Nc3 Qd6
8. d3 Be7 9. O-O O-O 10. Qe2 a6 11. Re1 f6 12. Be3 Re8 13. Rad1 Bg4 14. h3 Bh5
15. Ne4 Qe6 16. a3 Rad8 17. Ng3 Bf7 18. Kh1 Bf8 19. c3 Kh8 20. d4 exd4 21. Nxd4
Nxd4 22. Rxd4 Rxd4 23. Bxd4 Qxe2 24. Rxe2 Rxe2 25. Nxe2 Bc4 26. Ng3 Kg8 27. Kh2
Kf7 28. Nh5 Bd6+ 29. Ng3 Bxg3+ 30. Kxg3 g6 31. h4 h5 32. Kf4 Ke6 33. g3 c6 34.
Bc5 f5 35. Kg5 Kf7 36. Bd4 Bd5 37. Kh6 Bc4 38. Kg5 Bd5 39. Kf4 1/2-1/2

[Event "BSG Chemie Leipzig-USV Potsdam"]
[Site "?"]
[Date "2007.12.28"]
[Round "4.4"]
[White "Schmücker, Felix"]
[Black "Werthmann, Nils"]
[Result "1/2-1/2"]
[WhiteElo "1077"]
[BlackElo "1067"]
[PlyCount "63"]
[EventDate "2007.??.??"]

1. d4 d5 2. e3 Nf6 3. f4 e6 4. Nf3 c5 5. Be2 Nc6 6. Nbd2 Be7 7. c3 O-O 8. Ne5
Nxe5 9. fxe5 Nd7 10. O-O f6 11. exf6 Nxf6 12. Qc2 Qc7 13. Nf3 Bd6 14. h3 Bd7
15. Bd3 h6 16. Bg6 e5 17. dxe5 Bxe5 18. e4 dxe4 19. Bxe4 Rae8 20. Qb3+ Be6 21.
Qxb7 Qxb7 22. Bxb7 Bg3 23. Ba6 Bf5 24. Bc4+ Be6 25. Bd3 Rd8 26. Bg6 Bc4 27. Be3
Bxf1 28. Rxf1 Rc8 29. Rd1 Rfd8 30. Rxd8+ Rxd8 31. Bc2 Ne4 32. Kf1 1/2-1/2

[Event "SC Vaterstetten-Wilhelmshavener SF"]
[Site "?"]
[Date "2007.12.28"]
[Round "4.4"]
[White "Kuhlmann, Steffen"]
[Black "Großklaus, Igor"]
[Result "1/2-1/2"]
[WhiteElo "1176"]
[BlackElo "1191"]
[PlyCount "111"]
[EventDate "2007.??.??"]

1. e4 e5 2. f4 Nc6 3. Nc3 Bc5 4. Bc4 Nf6 5. Nf3 Nxe4 6. Nxe4 d5 7. Nxc5 dxc4 8.
Ne4 Bf5 9. Ng3 Bg4 10. O-O O-O 11. h3 h5 12. hxg4 hxg4 13. Nxe5 Nxe5 14. fxe5
Qh4 15. Qe1 Rae8 16. Nf5 Qh5 17. Qh4 Qxh4 18. Nxh4 Rxe5 19. Nf5 Rfe8 20. d4
cxd3 21. cxd3 Re2 22. Nd4 Re1 23. Rxe1 Rxe1+ 24. Kf2 Rd1 25. Nb3 Rxd3 26. Bf4
f6 27. Bxc7 g5 28. Re1 Kf7 29. Re4 f5 30. Rd4 Rxd4 31. Nxd4 Kf6 32. Ke3 f4+ 33.
Bxf4 gxf4+ 34. Kxf4 a5 35. Kxg4 Ke5 36. Nb3 a4 37. Nc5 b5 38. g3 Kd4 39. Kf4
Kxc5 40. Ke5 Kc4 41. g4 b4 42. g5 b3 43. axb3+ Kxb3 44. g6 Kxb2 45. g7 a3 46.
g8=Q a2 47. Qb8+ Ka1 48. Qa7 Kb2 49. Qb6+ Ka1 50. Qa5 Kb2 51. Qb4+ Ka1 52. Qc3+
Kb1 53. Qe1+ Kb2 54. Qd2+ Kb1 55. Qb4+ Ka1 56. Qa3 1/2-1/2

[Event "SV Empor Berlin-SV Stuttgart-Wolfbusch"]
[Site "?"]
[Date "2007.12.28"]
[Round "4.2"]
[White "Moritz, Aron"]
[Black "Dölker, Kai"]
[Result "1-0"]
[WhiteElo "1646"]
[BlackElo "1221"]
[PlyCount "63"]
[EventDate "2007.??.??"]

1. e4 c5 2. Nf3 d6 3. d4 cxd4 4. Nxd4 Nf6 5. Nc3 g6 6. h3 Bg7 7. Be3 Nc6 8. Be2
O-O 9. O-O Bd7 10. Nb3 Rc8 11. f4 e6 12. Qd2 Qe7 13. Rad1 Ne8 14. e5 d5 15. Bc5
Qh4 16. Bxf8 Bxf8 17. Kh2 Ng7 18. g3 Qh6 19. Ne4 Be8 20. Nf6+ Kh8 21. Ng4 Qh5
22. Rg1 Qf5 23. Bd3 Qh5 24. c3 a5 25. Nf6 Qh6 26. g4 a4 27. Nc1 Bc5 28. Rg2 Rb8
29. Rf1 b5 30. g5 Qh5 31. Rg4 Bg1+ 32. Rfxg1 1-0